000 00785 a2200229 4500
999 _c216401
_d216401
005 20260330112514.0
008 260327b ||||| |||| 00| 0 eng d
020 _a9781472422149
040 _aLC
_cUNZA
_eRDA
050 _aHV 5840
_bPAN 2015
245 _aPan-African issues in drugs and drug control :
_ban international perspective /
_cedited by Anita Kalunta-Crumpton, Texas Southern University, USA.
260 _aFarnham :
_bAshgate Publishing Limited,
_c2o15.
300 _axxiii, 391 pages :
_billustrations.
336 _aText
337 _aUnmediated
338 _aVolume
504 _aIncludes bibliographical references and index.
650 _aDrug traffic
_zAfrica
650 _aDrug control
_zAfrica
700 _aCrumpton-Kalunta, Anita
_eeditor
942 _cBOOK